000 00574cam a22002053a 4500
001 40053
003 PGUSA
005 20140828083907.0
008 120622s2012||||xxu|||||s|||||000 | eng d
040 _aPGUSA
_beng
042 _adc
100 1 _aWallace, Ellen
245 1 0 _aMargaret Capel, v. 2 of 3 :
_bA Novel
_h[electronic resource] /
_cEllen Wallace
260 _bProject Gutenberg,
_c2012
506 _aPublic domain in the USA.
516 _aElectronic text
830 0 _aProject Gutenberg
_v40053
856 4 0 _uhttp://www.gutenberg.org/ebooks/40053
942 _cEB
999 _c269306
_d269306